000 00423pab a2200145 454500
008 180718b1990 xxu||||| |||| 00| 0 eng d
100 _aBrown, D. and others
245 _aComputers and QDA (Qualitative data Analysis) - can they help it ? a report on a qualitative data analysis programme
260 _c1990
300 _a134-50
362 _aFeb.
650 _aComputers
773 _aSociological Review
909 _a6614
999 _c6614
_d6614